[Event "Game for Peace"]
[Site "SchemingMind.com"]
[Date "2016.03.23"]
[Round "-"]
[White "Wojtek26"]
[Black "frankly"]
[Result "0-1"]
[WhiteCountry "POL"]
[BlackCountry "ENG"]
[WhiteElo "1578"]
[WhiteRD "50"]
[BlackElo "2439"]
[BlackRD "55"]
[GameID "397239"]

1. d4 Nf6 2. c4 e6 3. e3 d5 4. Nf3 Be7 5. Bd3 dxc4 6. Bxc4 c5 7. O-O O-O 8. Nc3 a6 9. Ne5 b5 10. Bb3 Bb7
11. dxc5 Qc7 12. Nf3 Rd8 13. Qe2 Nbd7 14. a3 Nxc5 15. Bc2 Nce4 16. Nxe4 Nxe4 17. Bxe4 Bxe4 18. b4 Bd3 19. Qb2 Bxf1 20. Kxf1 Qc4+
21. Ke1 Bf6 22. Qa2 Bxa1
0-1

[Event "Game for Peace"]
[Site "SchemingMind.com"]
[Date "2016.03.23"]
[Round "-"]
[White "frankly"]
[Black "Wojtek26"]
[Result "1-0"]
[WhiteCountry "ENG"]
[BlackCountry "POL"]
[WhiteElo "2439"]
[WhiteRD "55"]
[BlackElo "1578"]
[BlackRD "50"]
[GameID "397240"]

1. e4 e5 2. Nf3 Nc6 3. Bb5 d6 4. d4 exd4 5. Nxd4 Bd7 6. Nc3 Nf6 7. O-O Be7 8. Re1 a6 9. Bxc6 Bxc6 10. Nf5 O-O
11. Nd5 Nxd5 12. exd5 Bd7 13. Nxe7+ Kh8 14. Qh5 g6 15. Qh4 f5 16. Qd4+
1-0

[Event "Game for Peace"]
[Site "SchemingMind.com"]
[Date "2016.03.24"]
[Round "-"]
[White "Stephen Woodhouse"]
[Black "Kent"]
[Result "0-1"]
[WhiteCountry "ENG"]
[BlackCountry "USA"]
[WhiteElo "1824"]
[WhiteRD "49"]
[BlackElo "2289"]
[BlackRD "67"]
[GameID "397303"]

1. e4 d5 2. exd5 Qxd5 3. Nc3 Qa5 4. d4 Nf6 5. Nf3 c6 6. Bc4 Bf5 7. Bd2 e6 8. Nd5 Qd8 9. Nxf6+ Qxf6 10. Qe2 Bg4
11. d5 Bxf3 12. gxf3 cxd5 13. Bxd5 Nd7 14. O-O-O O-O-O 15. Be4 Qe5 16. Bc3 Qc7 17. Kb1 f6 18. Rhg1 Nc5 19. Rxd8+ Kxd8 20. Bd4 Bd6
21. Bxc5 Bxc5 22. Qc4 Kc8 23. b4 Bd6 24. Qxc7+ Bxc7 25. Rxg7 Bxh2 26. Rxb7 f5 27. Rxa7 fxe4
0-1

[Event "Game for Peace"]
[Site "SchemingMind.com"]
[Date "2016.03.24"]
[Round "-"]
[White "Kent"]
[Black "Stephen Woodhouse"]
[Result "1-0"]
[WhiteCountry "USA"]
[BlackCountry "ENG"]
[WhiteElo "2289"]
[WhiteRD "67"]
[BlackElo "1824"]
[BlackRD "49"]
[GameID "397304"]

1. Nf3 e6 2. c4 d5 3. g3 Nf6 4. Bg2 c5 5. O-O Nc6 6. cxd5 exd5 7. d4 Be7 8. Be3 c4 9. Ne5 O-O 10. Nc3 Be6
11. Nxc4 dxc4 12. d5 Nxd5 13. Nxd5 Rc8 14. Nf4 Bf5 15. Qa4 a6 16. Nd5 Ne5 17. Bd4 Qd6 18. Rfd1 Bd7 19. Nxe7+ Qxe7 20. Qa5 Nc6
21. Bc5 Nxa5 22. Bxe7 Ba4 23. Rd5 b5 24. Bxf8 Kxf8 25. Rd6 c3 26. bxc3 Rxc3 27. Rxa6 Nc4 28. e4
1-0

[Event "Game for Peace"]
[Site "SchemingMind.com"]
[Date "2016.04.11"]
[Round "-"]
[White "clare1347"]
[Black "Kent"]
[Result "1/2-1/2"]
[WhiteCountry "ENG"]
[BlackCountry "USA"]
[WhiteElo "2247"]
[WhiteRD "86"]
[BlackElo "2283"]
[BlackRD "89"]
[GameID "397710"]

1. d4 Nf6 2. Nf3 e6 3. c4 b6 4. g3 Ba6 5. Qa4 Bb7 6. Bg2 c5 7. dxc5 bxc5 8. Nc3 Be7 9. O-O O-O 10. Bf4 d6
11. Rfd1 Qb6 12. Nb5 Rd8 13. Qb3 Ne8 14. Nc3 Nc6 15. Qxb6 axb6 16. Nd2 h6 17. Rac1 g5 18. Be3 Na5 19. Nb3 Bxg2 20. Kxg2 Nxc4
21. Rc2 Nxe3+ 22. fxe3 d5 23. Nd2 f5 24. b3 Nd6 25. a4 Kh7 26. h3 Bf6 27. Rdc1 h5 28. Nd1 Rf8 29. Nf2 h4 30. g4 Kg6
31. Rd1 Be5 32. gxf5+ Nxf5 33. Nf1 Rf7 34. Rb1 Raf8 35. Ng4 Bg7 36. e4 dxe4 37. Rc4 Nd4 38. e3 Ne2 39. Re1 Nc3 40. Rc1 Rf3
41. a5 bxa5 42. Rxc5 Ne2 43. Re1 Ng3 44. Nd2 R3f5 45. Rc6 Rd5 46. Nc4 Re8 47. Rb1 Kh5 48. Ra6 Re7 49. Rxa5 Rb7 50. Ra6 Rc5
51. Ra4 Rbc7 52. Nf2 Rb5 53. Nd6 Rb8 54. Ndxe4 Nxe4 55. Rxe4 Rc2 56. b4 Rf8 57. Rf1 Re2 58. Kg1 Rf3 59. b5 Rg3+ 60. Kh1 Bc3
61. b6 Be1 62. b7 Bxf2 63. b8=Q Rxh3+ 64. Kg2 Bg3+ 65. Kf3 Rxe3+ 66. Kxe3 Bxb8+ 67. Ke2 Rh2+ 68. Kd3 Ra2 69. Rxe6 h3 70. Re8 Bf4
71. Re2 Ra3+ 72. Ke4 h2 73. Rh1 Kg4 74. Rg2+ Kh4 75. Rhxh2+ Bxh2 76. Rxh2+ Rh3 77. Rf2 Kg3 78. Rd2 Rh8 79. Rd1 Rg8 80. Rd3+ Kh4
81. Kf3 Kh3 82. Ke4+ Kh4=
1/2-1/2

[Event "Game for Peace"]
[Site "SchemingMind.com"]
[Date "2016.04.10"]
[Round "-"]
[White "Kent"]
[Black "clare1347"]
[Result "1/2-1/2"]
[WhiteCountry "USA"]
[BlackCountry "ENG"]
[WhiteElo "2283"]
[WhiteRD "89"]
[BlackElo "2247"]
[BlackRD "86"]
[GameID "397711"]

1. Nf3 Nf6 2. c4 g6 3. Nc3 c5 4. e4 Nc6 5. d4 cxd4 6. Nxd4 Bg7 7. Be3 Ng4 8. Qxg4 Nxd4 9. Qd1 Nc6 10. Qd2 Qa5
11. Rc1 d6 12. Be2 Be6 13. f3 O-O-O 14. O-O Kb8 15. a3 f5 16. exf5 Bxf5 17. Rfd1 h5 18. Qe1 h4 19. Rd5 Qc7 20. Qf2 b6
21. h3 e6 22. Nb5 Qe7 23. Rd2 Rhf8 24. b4 e5 25. c5 dxc5 26. bxc5 Rxd2 27. Bxd2 bxc5 28. Rxc5 Rc8 29. Be3 a6 30. Nd6 Qxd6
31. Bxa6 Kc7 32. Bxc8 Bxc8 33. Rc1 Bf6 34. a4 Bb7 35. Qc2 Bd8 36. a5 Kd7 37. Qa4 Qb4 38. Rd1+ Kc8 39. Qa2 Qxa5 40. Qe6+ Kb8
41. Qg8 Kc7 42. Qxg6 Be7 43. Qe8 Bc5 44. Qd7+ Kb8 45. Bxc5 Qxc5+ 46. Kh1 Qb4 47. Qe8+ Kc7 48. Qf7+ Qe7 49. Qc4 Qg5 50. Re1 Bc8
51. Re4 Kd6 52. Rxh4 Bf5 53. Rh8 Qe3 54. Rf8 Be6 55. Rf6 Nd4 56. Qb4+ Kd5 57. Qa5+ Kc4 58. Qa4+ Kd3 59. Qd1+ Kc4 60. Qf1+ Kd5
61. Kh2 Bf5 62. Rf8 Kc5 63. Qg1 Qf4+ 64. Kh1 e4 65. fxe4 Qxe4 66. Qc1+ Nc2 67. Qg5 Ne3 68. Rc8+ Kd4 69. Rc1 Kd3 70. Qg3 Be6
71. Rd1+ Kc2 72. Re1 Kd3 73. Qf2 Bd5 74. Qe2+ Kd4 75. Qd2+ Qd3 76. Qb2+ Kc5 77. Qf2 Kd4 78. Kh2 Qe4 79. g4 Qe5+ 80. Qg3 Qe4
81. g5 Qc2+ 82. Kg1 Nf5 83. Qf2+ Qxf2+ 84. Kxf2 Be4 85. Rg1 Ke5 86. Rg4 Ng7 87. h4 Kf5 88. Rg1 Kf4 89. Rd1 Nf5 90. g6=
1/2-1/2

[Event "Game for Peace"]
[Site "SchemingMind.com"]
[Date "2016.04.25"]
[Round "-"]
[White "Ronald R. Nurmi"]
[Black "emvarela"]
[Result "0-1"]
[WhiteCountry "USA"]
[BlackCountry "ARG"]
[WhiteElo "1667"]
[WhiteRD "92"]
[BlackElo "1712"]
[BlackRD "48"]
[GameID "398276"]

1. d4 Nf6 2. Bg5 d5 3. e3 Nbd7 4. Nf3 e6 5. Nbd2 Be7 6. Bd3 h6 7. Bh4 c5 8. c3 c4 9. Bc2 O-O 10. Qe2 Nh7
11. Bxe7 Qxe7 12. O-O f5 13. Ba4 Ng5 14. Bxd7 Nxf3+ 15. Nxf3 Bxd7 16. Ne5 Be8 17. f4 b5 18. a3 Kh7 19. Kh1 g5 20. fxg5 hxg5
21. Rf2 Rf6 22. Rf3 g4 23. Rf4 Rh6 24. g3 Rc8 25. Qd2 Kg7 26. Re1 Bf7 27. Re2 Rch8 28. Rg2 Be8 29. Qe2 Qg5 30. Nxg4 Bh5
0-1

[Event "Game for Peace"]
[Site "SchemingMind.com"]
[Date "2016.04.22"]
[Round "-"]
[White "emvarela"]
[Black "Ronald R. Nurmi"]
[Result "1/2-1/2"]
[WhiteCountry "ARG"]
[BlackCountry "USA"]
[WhiteElo "1712"]
[WhiteRD "48"]
[BlackElo "1667"]
[BlackRD "92"]
[GameID "398277"]

1. e4 d5 2. exd5 Qxd5 3. Nc3 Qd6 4. d4 Nf6 5. Nf3 c6 6. Be3 Bf5 7. Bd3 Bxd3 8. Qxd3 e6 9. a3 a5 10. Ne4 Nxe4
11. Qxe4 Nd7 12. Bf4 Qe7 13. O-O g6 14. c4 Bg7 15. Rfe1 O-O 16. c5 Rfe8 17. Bd6 Qd8 18. Ne5 Nf6 19. Qf3 Bf8 20. Bxf8 Rxf8
21. Red1 Qd5 22. Qxd5 Nxd5 23. g3 Rfd8 24. Rd3 f6 25. Nc4 Kf7 26. Ne3 Rd7 27. Nxd5 exd5 28. Re1 Re8 29. Rde3 Rde7 30. Rxe7+ Rxe7
31. Rxe7+ Kxe7= 32. b4 axb4 33. axb4 Ke6 34. f3 h6 35. Kf2 Ke7 36. Ke3 g5 37. h4 Ke6 38. h5 f5 39. g4 Kf6 40. Kd3=
1/2-1/2

[Event "Game for Peace"]
[Site "SchemingMind.com"]
[Date "2016.04.30"]
[Round "-"]
[White "Quaff"]
[Black "Jari Laine"]
[Result "0-1"]
[WhiteCountry "ENG"]
[BlackCountry "FIN"]
[WhiteElo "1618"]
[WhiteRD "66"]
[BlackElo "2221"]
[BlackRD "100"]
[GameID "398643"]

1. e4 e5 2. Nf3 Nc6 3. Bc4 Bc5 4. c3 Nf6 5. d3 O-O 6. Bg5 h6 7. Bh4 Be7 8. Bxf6 Bxf6 9. Nbd2 Ne7 10. O-O d6
11. h3 Ng6 12. Nh2 c6 13. b4 Nf4 14. Ndf3 d5 15. exd5 cxd5 16. Bb3 e4 17. dxe4 dxe4 18. Nd4 Bxd4 19. cxd4 Qg5 20. Ng4 h5
0-1

[Event "Game for Peace"]
[Site "SchemingMind.com"]
[Date "2016.04.30"]
[Round "-"]
[White "Jari Laine"]
[Black "Quaff"]
[Result "1-0"]
[WhiteCountry "FIN"]
[BlackCountry "ENG"]
[WhiteElo "2215"]
[WhiteRD "99"]
[BlackElo "1615"]
[BlackRD "62"]
[GameID "398644"]

1. e4 e5 2. Nf3 d6 3. d4 exd4 4. Nxd4 h6 5. c4 Nf6 6. Nc3 Be7 7. Be2 Bd7 8. O-O Nc6 9. Be3 Nxd4 10. Bxd4 O-O
11. Qd3 Nh7 12. Rad1 Bc6 13. f4 Bd7 14. e5 dxe5 15. Bxe5 c6 16. Qxd7
1-0

[Event "Game for Peace"]
[Site "SchemingMind.com"]
[Date "2016.05.30"]
[Round "-"]
[White "kenneth m day"]
[Black "berns"]
[Result "0-1"]
[WhiteCountry "USA"]
[BlackCountry "ENG"]
[WhiteElo "1724"]
[WhiteRD "54"]
[BlackElo "1643"]
[BlackRD "79"]
[GameID "399755"]

1. e4 Nf6 2. e5 Nd5 3. d4 e6 4. c4 Nb6 5. Nc3 d6 6. Nf3 g6 7. Bg5 Be7 8. Bh6 N8d7 9. Bd3 f6 10. Qd2 dxe5
11. dxe5 Nxe5 12. Nxe5 fxe5 13. O-O Bd6 14. Rad1 Qh4 15. Bg5 Qd4 16. Bh6 Bd7 17. Qg5 Be7 18. Qg3 O-O-O 19. Bg7 Bh4 20. Qxe5 Qxe5
21. Bxe5 Rhf8 22. Ne4 Bc6 23. b4 Bxe4 24. Bxe4 Nxc4 25. Rxd8+ Rxd8 26. Bc3 Nd2 27. Bxd2 Rxd2 28. a3 b6 29. g3 Be7 30. Rc1 Ra2
31. Rc3 a5 32. bxa5 bxa5 33. Bc6 Rxa3 34. Rc1 e5 35. Kg2 Bd6 36. Rc2 Ra1 37. Kf3 a4 38. Kg4 a3 39. Kg5 Rb1 40. Kh6 Rb6
41. Bd5 Be7 42. Kxh7 g5 43. Bf7 Rb2 44. Rxb2 axb2 45. Bg6 c5 46. Bb1 Kd7 47. Kg6 Kd6 48. Kf5 Kd5 49. Be4+ Kd4 50. Bb1 c4
51. h3 Kc3 52. Kxe5 Kd2 53. f4 gxf4 54. gxf4 c3 55. f5 c2
0-1

[Event "Game for Peace"]
[Site "SchemingMind.com"]
[Date "2016.05.29"]
[Round "-"]
[White "berns"]
[Black "kenneth m day"]
[Result "0-1"]
[WhiteCountry "ENG"]
[BlackCountry "USA"]
[WhiteElo "1623"]
[WhiteRD "81"]
[BlackElo "1736"]
[BlackRD "54"]
[GameID "399756"]

1. e4 e5 2. Nf3 Nc6 3. Bc4 Bc5 4. O-O Nf6 5. Nc3 O-O 6. d3 a6 7. a4 d6 8. h3 Be6 9. Bxe6 fxe6 10. Bg5 Nd4
11. Rb1 Qe8 12. b3 Qg6 13. Bxf6 Rxf6 14. Nxd4 Bxd4 15. Ne2 Ba7 16. c3 Raf8 17. d4 exd4 18. cxd4 Qxe4 19. f3 Qh4 20. Kh2 Rg6
21. Qe1 Qg5 22. g4 Qd5 23. Nf4 Rxf4 24. Kg3 Rxd4 25. Rb2 Rd3 26. Rc2 c6 27. Re2 Qxb3 28. Rd2 Re3 29. Qf2 Rf6 30. Rxd6 Qb4
31. Rd8+ Kf7 32. Rd7+ Kg6 33. Qc2+ Kh6 34. g5+ Kxg5 35. Rxg7+ Rg6 36. Rxh7 Qf4+ 37. Kg2 Kf6+ 38. Kh1 Rxf3 39. Qb2+ Bd4 40. Qxd4+ Qxd4
41. Rxf3+ Ke5 42. Rh5+ Kd6
0-1

[Event "Game for Peace"]
[Site "SchemingMind.com"]
[Date "2016.07.16"]
[Round "-"]
[White "Jari Laine"]
[Black "David Perna-Fraser"]
[Result "1/2-1/2"]
[WhiteCountry "FIN"]
[BlackCountry "CAN"]
[WhiteElo "2307"]
[WhiteRD "86"]
[BlackElo "2361"]
[BlackRD "76"]
[GameID "401539"]

1. c4 e6 2. g3 Nf6 3. Bg2 d5 4. Nf3 d4 5. O-O c5 6. b4 cxb4 7. a3 bxa3 8. d3 Nc6 9. Qa4 Bd7 10. Bxa3 Bxa3
11. Qxa3 Qe7 12. Nbd2 e5 13. Rfb1 Rb8 14. Ng5 Qxa3 15. Rxa3 Ke7 16. Bxc6 Bxc6 17. Rxa7 h6 18. Ngf3 Ke6 19. Rba1 Nd7 20. Ne1 g5
21. Nc2 Nc5 22. f3 f5 23. R1a5 b6 24. Ra3 Ra8 25. f4 Rxa7 26. Rxa7 gxf4 27. gxf4 Rg8+ 28. Kf1 Bg2+ 29. Kf2 Ra8 30. Rxa8 Bxa8
31. fxe5 Kxe5 32. Nf3+ Bxf3 33. Kxf3 Ne6 34. h4 h5 35. Kg3 f4+ 36. Kf3 Kf5 37. Nb4 Nf8 38. Nc6 Ng6 39. Nxd4+ Ke5 40. Nc6+ Kf5
41. Kf2 Nxh4 42. Ne7+ Ke5 43. Nc8 Ng6 44. Nxb6 h4 45. Nd5 h3 46. Kg1=
1/2-1/2

[Event "Game for Peace"]
[Site "SchemingMind.com"]
[Date "2016.07.16"]
[Round "-"]
[White "David Perna-Fraser"]
[Black "Jari Laine"]
[Result "0-1"]
[WhiteCountry "CAN"]
[BlackCountry "FIN"]
[WhiteElo "2323"]
[WhiteRD "72"]
[BlackElo "2334"]
[BlackRD "88"]
[GameID "401540"]

1. e4 e5 2. Nf3 Nc6 3. Bb5 a6 4. Ba4 d6 5. c3 f5 6. exf5 Bxf5 7. O-O Bd3 8. Re1 Be7 9. Re3 e4 10. Nd4 Qd7
11. Nxc6 bxc6 12. Bc2 Bxc2 13. Qxc2 Nf6 14. d3 O-O 15. dxe4 d5 16. exd5 Bc5 17. dxc6 Qd6 18. Qd3 Bxe3 19. Qxd6 Bxf2+ 20. Kxf2 cxd6
21. Nd2 Rfc8 22. Nf3 Rxc6 23. Ke2 Rb8 24. Kd3 d5 25. Nd4 Rcb6 26. b3 Ng4 27. Nf3 Nf2+ 28. Ke3 Ne4 29. Kd4 Re8 30. Bf4 Rc8
31. c4 Nf6 32. Rc1 dxc4 33. Rxc4 Rd8+ 34. Ke3 Re6+ 35. Be5 Rde8 36. Kf4 Nd7 37. Bd4 Re2 38. Kg3 Rxa2 39. Rc7 Nf6 40. Bxf6 gxf6
41. Nd4 Kh8 42. Kf3 Rd2 43. Rc4 a5 44. h4 Rd8 45. Ne6 Rg8 46. Ra4 Rgxg2 47. Rxa5 Rg8 48. Rf5 Rd3+ 49. Ke4 Rxb3 50. Rxf6 Rb4+
51. Ke5 Rxh4 52. Kf5 Ra4 53. Rh6 Rg1 54. Kf6 Rf1+ 55. Ke7 Ra6 56. Ke8 Re1 57. Ke7 Rb1 58. Rh2 Rb7+ 59. Kf6 Rbb6 60. Re2 h5
0-1

[Event "Game for Peace"]
[Site "SchemingMind.com"]
[Date "2016.08.23"]
[Round "-"]
[White "klapa"]
[Black "Andrea Carra"]
[Result "0-1"]
[WhiteCountry "POL"]
[BlackCountry "ITA"]
[WhiteElo "1369"]
[WhiteRD "89"]
[BlackElo "1973"]
[BlackRD "104"]
[GameID "402819"]

1. b3 d5 2. Bb2 Nf6 3. e3 c5 4. Nf3 e6 5. Bd3 Bd6 6. c4 O-O 7. O-O Nc6 8. Bc3 d4 9. exd4 cxd4 10. Bxd4 Nxd4
11. Nxd4 Bxh2+ 12. Kxh2 Qxd4 13. Nc3 Qxd3 14. a4 b6 15. Re1 Bb7 16. Nb5 Qg6 17. Kg1 Qxg2#
0-1

[Event "Game for Peace"]
[Site "SchemingMind.com"]
[Date "2016.08.24"]
[Round "-"]
[White "Andrea Carra"]
[Black "klapa"]
[Result "0-1"]
[WhiteCountry "ITA"]
[BlackCountry "POL"]
[WhiteElo "1877"]
[WhiteRD "98"]
[BlackElo "1394"]
[BlackRD "81"]
[GameID "402820"]

1. d4 e6 2. c4 d5 3. Nc3 dxc4 4. e4 Bb4 5. Bxc4 c6 6. Nf3 b5 7. Bd3 Ne7 8. O-O O-O 9. Qb3 a5 10. Ne2 Na6
11. Be3 a4 12. Qc2 a3 13. b3 Ng6 14. Bd2 e5 15. Rac1 Bg4 16. h3 Bxf3 17. gxf3 Nh4 18. Bxb4 Nxb4 19. Qd1 Nxf3+ 20. Kg2 Nxa2
21. Kxf3 Qf6+ 22. Kg2 Qg5+ 23. Kh2 Nxc1
0-1

[Event "Game for Peace"]
[Site "SchemingMind.com"]
[Date "2016.09.26"]
[Round "-"]
[White "emvarela"]
[Black "frankly"]
[Result "0-1"]
[WhiteCountry "ARG"]
[BlackCountry "ENG"]
[WhiteElo "1710"]
[WhiteRD "54"]
[BlackElo "2509"]
[BlackRD "60"]
[GameID "404067"]

1. e4 e5 2. Nf3 Nc6 3. Bb5 a6 4. Bxc6 dxc6 5. O-O f6 6. d4 exd4 7. Nxd4 c5 8. Nf3 Qxd1 9. Rxd1 Bd6 10. Be3 Be6
11. Nbd2 Ne7 12. b3 Nc6 13. c4 O-O-O 14. Nf1 Rhe8 15. Rd2 Bf7 16. Ng3 Bxg3 17. Rxd8+ Kxd8 18. hxg3 b6 19. Nd2 Nb4 20. a3 Nc2
21. Ra2 Nxe3 22. fxe3 Bg6 23. Kf2 Bxe4 24. Nf3 a5 25. Rd2+ Ke7 26. g4 a4 27. b4 cxb4 28. axb4 Ra8 29. Ra2 a3 30. Nd2 Bg6
31. c5 Bf7 32. Ra1 a2 33. cxb6 cxb6 34. Ne4 Ra4 35. Nc3 Rxb4 36. e4 Rb2+ 37. Kg1 b5
0-1

[Event "Game for Peace"]
[Site "SchemingMind.com"]
[Date "2016.10.19"]
[Round "-"]
[White "kenneth m day"]
[Black "klapa"]
[Result "1-0"]
[WhiteCountry "USA"]
[BlackCountry "POL"]
[WhiteElo "1750"]
[WhiteRD "57"]
[BlackElo "1410"]
[BlackRD "69"]
[GameID "405328"]

1. e4 e5 2. f4 Bc5 3. Nf3 d6 4. Bc4 Nf6 5. d3 Nc6 6. Qe2 Bg4 7. Be3 Bxe3 8. Qxe3 Bxf3 9. gxf3 Nb4 10. Na3 a6
11. c3 b5 12. Bb3 Nc6 13. fxe5 Nxe5 14. O-O-O O-O 15. d4 Ng6 16. Rdg1 Qd7 17. h4 h5 18. Rxg6 d5 19. Rxf6 Rae8 20. Rg1 Qh3
21. Bxd5 Re7 22. Qh6 Qf1+ 23. Rxf1 gxh6 24. Rxh6 Kg7 25. Rxh5 Rg8 26. Rg1+ Kf8 27. Rhg5 Rxg5 28. Rxg5 a5 29. h5 b4 30. Nc4 bxc3
31. bxc3 Re8 32. h6 f6 33. Rg8+ Ke7 34. Rxe8+
1-0

[Event "Game for Peace"]
[Site "SchemingMind.com"]
[Date "2016.10.21"]
[Round "-"]
[White "klapa"]
[Black "kenneth m day"]
[Result "0-1"]
[WhiteCountry "POL"]
[BlackCountry "USA"]
[WhiteElo "1410"]
[WhiteRD "69"]
[BlackElo "1750"]
[BlackRD "57"]
[GameID "405329"]

1. b3 e5 2. Bb2 Nc6 3. e4 Nf6 4. Nf3 d6 5. d4 exd4 6. Bxd4 Be7 7. Bd3 Bg4 8. c3 O-O 9. O-O Re8 10. b4 a6
11. b5 axb5 12. Bxb5 Nxe4 13. Qd3 d5 14. c4 Bxf3 15. cxd5 Nxd4 16. Qxd4 Bf6 17. Qe3 Bxa1 18. Qxf3 Re5 19. d6 Qxd6 20. Rd1 Qf6
21. Nd2 Qxf3 22. Nxf3 Rxb5 23. g3 Bf6 24. a4 Rba5 25. Rc1 c6 26. Re1 Rxa4 27. h4 h6 28. g4 Ra1 29. g5 Rxe1+ 30. Nxe1 hxg5
31. h5 Ra1 32. Kf1 Bc3 33. f3 Rxe1+ 34. Kg2 Nf6 35. Kg3 Nxh5+ 36. Kg4 g6 37. f4 Rg1+ 38. Kh3 Kg7 39. fxg5 Rxg5 40. Kh4 Kh6
41. Kh3 Be5 42. Kh4 Bg3+ 43. Kh3 Nf4#
0-1

[Event "Game for Peace"]
[Site "SchemingMind.com"]
[Date "2016.12.14"]
[Round "-"]
[White "frankly"]
[Black "Kent"]
[Result "1-0"]
[WhiteCountry "ENG"]
[BlackCountry "USA"]
[WhiteElo "2504"]
[WhiteRD "58"]
[BlackElo "2335"]
[BlackRD "95"]
[GameID "407925"]

1. d4 Nf6 2. c4 g6 3. g3 c5 4. d5 b5 5. cxb5 a6 6. bxa6 Bg7 7. Bg2 d6 8. Nf3 O-O 9. O-O Bxa6 10. Nc3 Nbd7
11. Qc2 Nb6 12. Rd1 Nfd7 13. Bg5 h6 14. Bc1 Nc4 15. Nd2 Nde5 16. b3 Nxd2 17. Bxd2 f5 18. h3 g5 19. f4 gxf4 20. gxf4 Ng6
21. Kh2 Nh4 22. Rg1 Kh8 23. Bh1 Bf6 24. Rae1 Qe8 25. Nd1 Qf7 26. Bc3 Rg8 27. Bxf6+ Qxf6 28. Qc3 Qxc3 29. Rxg8+ Rxg8 30. Nxc3 Ng6
31. e3 Kg7 32. Rg1 Kh7 33. Bf3 Nh4 34. Bd1 Rb8 35. Kg3 Ng6 36. Bc2 Bc8 37. Kf2 Bd7 38. a4 Kg7 39. a5 Ra8 40. Ra1 Bc8
41. Bd3 Kf6 42. a6 Ra7 43. Ra3 Nf8 44. Na2 Nd7 45. b4 cxb4 46. Nxb4 Nc5 47. Bb5
1-0

[Event "Game for Peace"]
[Site "SchemingMind.com"]
[Date "2016.12.15"]
[Round "-"]
[White "Kent"]
[Black "frankly"]
[Result "1/2-1/2"]
[WhiteCountry "USA"]
[BlackCountry "ENG"]
[WhiteElo "2335"]
[WhiteRD "95"]
[BlackElo "2504"]
[BlackRD "58"]
[GameID "407926"]

1. e4 c5 2. c3 Nf6 3. e5 Nd5 4. g3 d6 5. exd6 e6 6. Nf3 Bxd6 7. Bg2 O-O 8. O-O Nc6 9. d4 cxd4 10. Nxd4 Nxd4
11. Qxd4 Qc7 12. Nd2 Bd7 13. Ne4 Be5 14. Qd3 Rad8 15. f4 Qb6+ 16. Kh1 Bb8 17. Qe2 Rfe8 18. c4 f5 19. Nf2 Nf6 20. Be3 Qa6
21. Bd4 Bc6 22. Rfd1 e5 23. Bxe5 Rxd1+ 24. Rxd1 Nd7 25. Qc2 Bxe5 26. fxe5 Nxe5 27. b3 g6 28. Qd2 Nf3 29. Qf4 Ne1 30. Bd5+ Bxd5+
31. Rxd5 Qf6 32. Qc1 Qb6 33. Qf4 Qe6 34. Nh3 b6 35. Ng5 Qf6 36. Rd7 Qb2 37. Qd2 Qxd2 38. Rxd2 h6 39. Nh3 g5 40. Ng1 Kf7
41. Ne2 Nf3 42. Rd7+ Kf8=
1/2-1/2

[Event "Game for Peace"]
[Site "SchemingMind.com"]
[Date "2016.12.30"]
[Round "-"]
[White "kenneth m day"]
[Black "Jari Laine"]
[Result "0-1"]
[WhiteCountry "USA"]
[BlackCountry "FIN"]
[WhiteElo "1686"]
[WhiteRD "57"]
[BlackElo "2347"]
[BlackRD "82"]
[GameID "408515"]

1. e4 e5 2. f4 exf4 3. Nf3 g5 4. Nc3 d6 5. d4 g4 6. Bxf4 gxf3 7. Qxf3 Qh4+ 8. Bg3 Qg4 9. Qd3 Ne7 10. Be2 Qg6
11. O-O-O a6 12. Qc4 Nbc6 13. d5 b5 14. Qd3 Ne5 15. Bxe5 Qg5+ 16. Kb1 Qxe5 17. Rdf1 Bg7 18. h3 O-O 19. g4 a5 20. Qxb5 Ba6
21. Qb3 Bxe2 22. Nxe2 Rfb8
0-1

[Event "Game for Peace"]
[Site "SchemingMind.com"]
[Date "2016.12.30"]
[Round "-"]
[White "Jari Laine"]
[Black "kenneth m day"]
[Result "1-0"]
[WhiteCountry "FIN"]
[BlackCountry "USA"]
[WhiteElo "2328"]
[WhiteRD "82"]
[BlackElo "1698"]
[BlackRD "55"]
[GameID "408516"]

1. e4 e5 2. Nf3 Nc6 3. d4 exd4 4. Nxd4 Bc5 5. Nb3 Bb6 6. Nc3 Nf6 7. Qe2 d6 8. Be3 O-O 9. O-O-O Re8 10. f3 Bd7
11. Kb1 a5 12. Bxb6 cxb6 13. g4 Ne5 14. Nd4 Rc8 15. Qe3 Nc6 16. Ndb5
1-0

[Event "Game for Peace"]
[Site "SchemingMind.com"]
[Date "2017.03.08"]
[Round "-"]
[White "Jari Laine"]
[Black "frankly"]
[Result "1/2-1/2"]
[WhiteCountry "FIN"]
[BlackCountry "ENG"]
[WhiteElo "2415"]
[WhiteRD "77"]
[BlackElo "2527"]
[BlackRD "58"]
[GameID "411384"]

1. e4 c5 2. Nf3 Nc6 3. Bb5 g6 4. Bxc6 bxc6 5. O-O Bg7 6. Re1 Nh6 7. c3 O-O 8. d4 cxd4 9. cxd4 e6 10. Bf4 f5
11. Bg5 Qb6 12. Be7 Re8 13. Bc5 Qxb2 14. Nbd2 Qb8 15. Nc4 Bf8 16. Rb1 Qc7 17. e5 Ba6 18. Nd6 Reb8 19. Qd2 Qd8 20. Ng5 Rxb1
21. Rxb1 Rb8 22. Rxb8 Qxb8 23. h3 Qd8 24. Bxa7 Bxd6 25. exd6 Nf7 26. Nxf7 Kxf7 27. Qh6 Kg8 28. d5 Qa5 29. Bd4 e5 30. Qe3 Qxd5
31. Bxe5 c5 32. a4 Bb7 33. f3 Kf7 34. h4 h6 35. Kh2 g5 36. Bg3 Qe6 37. Qxc5 Kg6 38. Qc2 Ba6 39. Qb1 gxh4 40. Bxh4 Qxd6+
41. Bg3 Qe6 42. Bf4 Qf6 43. Qe1 Bc4 44. a5 Qe6 45. Qc3 Kf7 46. Qd2 Kg7 47. Qd4+ Kf7 48. Bd2 Ke7 49. Qg7+ Kd6 50. Bf4+ Kc5
51. Qb2 Bb5 52. Qc1+=
1/2-1/2

[Event "Game for Peace"]
[Site "SchemingMind.com"]
[Date "2017.03.08"]
[Round "-"]
[White "frankly"]
[Black "Jari Laine"]
[Result "1/2-1/2"]
[WhiteCountry "ENG"]
[BlackCountry "FIN"]
[WhiteElo "2527"]
[WhiteRD "58"]
[BlackElo "2415"]
[BlackRD "77"]
[GameID "411385"]

1. e4 e5 2. Nf3 Nc6 3. Bc4 Bc5 4. c3 Nf6 5. d3 a6 6. O-O Ba7 7. Bg5 h6 8. Bh4 d6 9. a4 g5 10. Bg3 O-O
11. Nbd2 Nh7 12. h3 h5 13. Kh1 Qf6 14. h4 g4 15. Ne1 Qg6 16. Nc2 Kh8 17. Ne3 Ne7 18. Nd5 Nxd5 19. Bxd5 c6 20. Ba2 f5
21. exf5 Bxf5 22. d4 exd4 23. cxd4 d5 24. Be5+ Kg8 25. Qb3 Rf7 26. Bb1 Bxb1 27. Raxb1 Nf6 28. f4 gxf3 29. Rxf3 Ng4 30. Rxf7 Qxf7
31. Rf1 Qe7 32. Qg3 Rf8 33. Nf3 Qe6 34. Re1 Qg6 35. Bd6 Rf6 36. Bb4 Re6 37. Qc7 Rxe1+ 38. Bxe1 Qf7 39. Qd8+ Kg7 40. Bc3 Nf2+
41. Kg1 Ne4 42. a5 Qf4 43. Qc8 Qc1+ 44. Kh2 Qf4+ 45. Kh1 Qc1+ 46. Ne1 Nxc3 47. Qxb7+ Kf8 48. Qc8+=
1/2-1/2